Former Names of Countries - Statistics

General Stats
  • This quiz has been taken 72 times
  • The average score is 16 of 22
Answer Stats
Hint Answer % Correct
Burma Myanmar
96%
Siam Thailand
96%
East Pakistan Bangladesh
92%
Abyssinia Ethiopia
90%
Ceylon Sri Lanka
90%
Rhodesia Zimbabwe
90%
Zaire DR Congo
86%
Swaziland Eswatini
84%
Dutch East Indies Indonesia
80%
Byelorussian Belarus
78%
British Honduras Belize
78%
Kampuchea Cambodia
76%
Southwest Africa Namibia
76%
Transjordan Jordan
71%
Gold Coast Ghana
67%
New Spain Mexico
67%
Spanish East Indies Philippines
65%
Bechuanaland Botswana
55%
Dahomey Benin
53%
New Granada Colombia
47%
Gilbert Islands Kiribati
47%
Nyasaland Malawi
47%
No matching quizzes found
Score Distribution
Percent of People with Each Score
Percentile by Number Answered
Your Score History
You have not taken this quiz